Analysis of wildlife radio-tracking data
Αποθηκεύτηκε σε:
| Κύριος συγγραφέας: | |
|---|---|
| Άλλοι συγγραφείς: | |
| Μορφή: | Βιβλίο |
| Γλώσσα: | English |
| Δημοσίευση: |
San Diego :
Academic,
1990
|
| Θέματα: | |
| Ετικέτες: |
Προσθήκη ετικέτας
Δεν υπάρχουν, Καταχωρήστε ετικέτα πρώτοι!
|
MARC
| LEADER | 00000nam a2200000 i 4500 | ||
|---|---|---|---|
| 001 | 1/100917 | ||
| 008 | 951209s1990 eng d | ||
| 020 | |a 0-12-746725-4 | ||
| 035 | |l 10011891 | ||
| 040 | |a GR-MY-UA |b gre |e aacr | ||
| 041 | 0 | |a eng | |
| 082 | 0 | |a 599.0028 | |
| 100 | 1 | |a White, Gary C. | |
| 245 | 1 | 0 | |a Analysis of wildlife radio-tracking data / |c Gary C. White; Robert A. Garrott |
| 260 | |a San Diego : |b Academic, |c 1990 | ||
| 300 | |a 383 p. |b fig. | ||
| 504 | |a Includes bibliographical references. | ||
| 650 | 0 | 0 | |a Animal radio tracking. |
| 700 | 1 | |a Garrott, Robert A. | |
| 852 | |a INST |b LESVOS |e 19951209 |h 599.0028 WHI |p 005100007290 |q 005100007290 |t BK |y 0 | ||
| 909 | |a Λ |b 043536 | ||
| 950 | |a 084-1995-02-23 | ||